[Event "DEM U14 2025"]
[Site "Willingen GER"]
[Date "2025.06.10"]
[Round "4"]
[White "Savchuk, Alexander"]
[Black "Kalinski, Jan"]
[Result "0-1"]
[Termination "normal"]
[Board "14"]
[WhiteElo "1935"]
[BlackElo "1748"]
[WhiteClock "00:01:16"]
[BlackClock "00:27:14"]
[PlyCount "68"]
[WhiteFideId "34617434"]
[BlackFideId "34660615"]
[EventCountry "GER"]
[EventRounds "9"]
[EventType "swiss"]
[EventDate "2025.06.07"]

1. e4 {[%clk 01:30:58]} {[%emt 00:00:01]} c5 {[%clk 01:30:56]} {[%emt
00:00:05]} 2. Nf3 {[%clk 01:31:20]} {[%emt 00:00:07]} d6 {[%clk 01:31:22]}
{[%emt 00:00:04]} 3. d4 {[%clk 01:31:45]} {[%emt 00:00:06]} cxd4 {[%clk
01:31:46]} {[%emt 00:00:04]} 4. Nxd4 {[%clk 01:32:12]} {[%emt 00:00:05]} Nf6
{[%clk 01:32:10]} {[%emt 00:00:06]} 5. Nc3 {[%clk 01:32:30]} {[%emt 00:00:12]}
a6 {[%clk 01:32:36]} {[%emt 00:00:05]} 6. f3 {[%clk 01:32:45]} {[%emt
00:00:14]} e5 {[%clk 01:33:01]} {[%emt 00:00:05]} 7. Nb3 {[%clk 01:32:59]}
{[%emt 00:00:15]} Be7 {[%clk 01:31:56]} {[%emt 00:01:35]} 8. Be3 {[%clk
01:33:20]} {[%emt 00:00:10]} O-O {[%clk 01:30:09]} {[%emt 00:02:17]} 9. Qd2
{[%clk 01:33:35]} {[%emt 00:00:15]} Nbd7 {[%clk 01:29:32]} {[%emt 00:01:08]}
10. O-O-O {[%clk 01:33:55]} {[%emt 00:00:10]} b5 {[%clk 01:29:48]} {[%emt
00:00:14]} 11. g4 {[%clk 01:27:45]} {[%emt 00:06:40]} Bb7 {[%clk 01:25:57]}
{[%emt 00:04:21]} 12. g5 {[%clk 01:27:36]} {[%emt 00:00:39]} Ne8 {[%clk
01:24:59]} {[%emt 00:01:28]} 13. Rg1 {[%clk 01:20:14]} {[%emt 00:07:52]} b4
{[%clk 01:24:46]} {[%emt 00:00:43]} 14. Nd5 {[%clk 01:18:13]} {[%emt 00:02:31]}
Bxd5 {[%clk 01:25:03]} {[%emt 00:00:13]} 15. exd5 {[%clk 01:11:13]} {[%emt
00:07:30]} a5 {[%clk 01:24:49]} {[%emt 00:00:44]} 16. Kb1 {[%clk 01:10:17]}
{[%emt 00:01:26]} a4 {[%clk 01:24:25]} {[%emt 00:00:53]} 17. Nc1 {[%clk
01:10:36]} {[%emt 00:00:12]} b3 {[%clk 01:24:27]} {[%emt 00:00:29]} 18. cxb3
{[%clk 01:09:55]} {[%emt 00:01:11]} axb3 {[%clk 01:24:49]} {[%emt 00:00:07]}
19. Nxb3 {[%clk 01:07:51]} {[%emt 00:02:35]} Nc5 {[%clk 01:22:12]} {[%emt
00:03:06]} 20. Nxc5 {[%clk 01:06:51]} {[%emt 00:01:30]} dxc5 {[%clk 01:22:35]}
{[%emt 00:00:07]} 21. h4 {[%clk 00:53:38]} {[%emt 00:13:43]} Qd7 {[%clk
01:20:51]} {[%emt 00:02:14]} 22. h5 {[%clk 00:47:09]} {[%emt 00:06:59]} Qa4
{[%clk 01:11:43]} {[%emt 00:09:38]} 23. b3 {[%clk 00:34:32]} {[%emt 00:13:06]}
Qa7 {[%clk 01:06:41]} {[%emt 00:05:33]} 24. Bh3 {[%clk 00:31:19]} {[%emt
00:03:43]} Nd6 {[%clk 01:04:32]} {[%emt 00:02:40]} 25. g6 {[%clk 00:30:48]}
{[%emt 00:01:01]} Nc4 {[%clk 00:39:33]} {[%emt 00:25:28]} 26. gxh7+ {[%clk
00:23:59]} {[%emt 00:07:18]} Kh8 {[%clk 00:39:57]} {[%emt 00:00:06]} 27. bxc4
{[%clk 00:23:02]} {[%emt 00:01:28]} Rfb8+ {[%clk 00:39:23]} {[%emt 00:01:04]}
28. Ka1 {[%clk 00:23:09]} {[%emt 00:00:23]} e4 {[%clk 00:27:34]} {[%emt
00:12:20]} 29. Bg5 {[%clk 00:21:38]} {[%emt 00:02:00]} e3 {[%clk 00:27:50]}
{[%emt 00:00:14]} 30. Qc2 {[%clk 00:20:09]} {[%emt 00:01:58]} Bxg5 {[%clk
00:28:14]} {[%emt 00:00:07]} 31. Rxg5 {[%clk 00:20:26]} {[%emt 00:00:13]} Qe7
{[%clk 00:28:39]} {[%emt 00:00:04]} 32. Qc3 {[%clk 00:01:46]} {[%emt 00:19:10]}
Qxg5 {[%clk 00:27:22]} {[%emt 00:01:48]} 33. Bf1 {[%clk 00:01:30]} {[%emt
00:00:45]} Ra3 {[%clk 00:27:33]} {[%emt 00:00:20]} 34. f4 {[%clk 00:01:16]}
{[%emt 00:00:44]} Qxf4 {[%clk 00:27:14]} {[%emt 00:00:48]} 0-1

[Event "DEM U14 2025"]
[Site "Willingen GER"]
[Date "2025.06.10"]
[Round "4"]
[White "Park, Manuel"]
[Black "Hempel, Lorenz"]
[Result "0-1"]
[Termination "normal"]
[Board "15"]
[WhiteElo "1828"]
[BlackElo "2007"]
[WhiteClock "00:01:44"]
[BlackClock "00:10:24"]
[PlyCount "52"]
[WhiteFideId "34629114"]
[BlackFideId "34627413"]
[EventCountry "GER"]
[EventRounds "9"]
[EventType "swiss"]
[EventDate "2025.06.07"]

1. e4 {[%clk 01:30:53]} {[%emt 00:00:06]} c5 {[%clk 01:30:58]} {[%emt
00:00:04]} 2. Nf3 {[%clk 01:31:08]} {[%emt 00:00:15]} d6 {[%clk 01:31:12]}
{[%emt 00:00:16]} 3. d4 {[%clk 01:31:16]} {[%emt 00:00:21]} cxd4 {[%clk
01:31:37]} {[%emt 00:00:06]} 4. Nxd4 {[%clk 01:31:37]} {[%emt 00:00:09]} Nf6
{[%clk 01:32:03]} {[%emt 00:00:04]} 5. Nc3 {[%clk 01:31:49]} {[%emt 00:00:18]}
g6 {[%clk 01:31:19]} {[%emt 00:01:14]} 6. Be2 {[%clk 01:28:59]} {[%emt
00:03:20]} Bg7 {[%clk 01:31:28]} {[%emt 00:00:21]} 7. h3 {[%clk 01:27:46]}
{[%emt 00:01:44]} O-O {[%clk 01:31:14]} {[%emt 00:00:43]} 8. Be3 {[%clk
01:27:57]} {[%emt 00:00:18]} Nc6 {[%clk 01:30:43]} {[%emt 00:01:02]} 9. Qd2
{[%clk 01:27:50]} {[%emt 00:00:37]} d5 {[%clk 01:18:52]} {[%emt 00:12:21]} 10.
exd5 {[%clk 01:25:54]} {[%emt 00:02:25]} Nxd5 {[%clk 01:19:14]} {[%emt
00:00:07]} 11. Nxd5 {[%clk 01:25:54]} {[%emt 00:00:31]} Nxd4 {[%clk 01:18:53]}
{[%emt 00:00:52]} 12. Bxd4 {[%clk 01:21:44]} {[%emt 00:04:39]} Qxd5 {[%clk
01:19:10]} {[%emt 00:00:13]} 13. Bxg7 {[%clk 01:22:04]} {[%emt 00:00:09]} Qxg2
{[%clk 01:09:25]} {[%emt 00:10:16]} 14. O-O-O {[%clk 01:20:09]} {[%emt
00:02:25]} Kxg7 {[%clk 01:09:42]} {[%emt 00:00:13]} 15. Qe3 {[%clk 01:14:34]}
{[%emt 00:06:03]} Qc6 {[%clk 01:01:50]} {[%emt 00:08:23]} 16. Bg4 {[%clk
00:31:37]} {[%emt 00:43:28]} Qb6 {[%clk 00:46:31]} {[%emt 00:15:49]} 17. Qxe7
{[%clk 00:29:06]} {[%emt 00:03:02]} Qxf2 {[%clk 00:38:05]} {[%emt 00:08:55]}
18. Rhf1 {[%clk 00:28:28]} {[%emt 00:01:08]} Qg2 {[%clk 00:33:21]} {[%emt
00:05:14]} 19. Qf6+ {[%clk 00:16:58]} {[%emt 00:12:01]} Kg8 {[%clk 00:33:43]}
{[%emt 00:00:08]} 20. Bf3 {[%clk 00:09:24]} {[%emt 00:08:04]} Qxh3 {[%clk
00:18:55]} {[%emt 00:15:17]} 21. Rh1 {[%clk 00:08:04]} {[%emt 00:01:51]} Qe6
{[%clk 00:19:18]} {[%emt 00:00:07]} 22. Qh4 {[%clk 00:08:08]} {[%emt 00:00:25]}
Qe3+ {[%clk 00:19:33]} {[%emt 00:00:15]} 23. Kb1 {[%clk 00:08:37]} {[%emt
00:00:02]} h6 {[%clk 00:19:52]} {[%emt 00:00:11]} 24. Be4 {[%clk 00:01:38]}
{[%emt 00:07:29]} Be6 {[%clk 00:10:51]} {[%emt 00:09:32]} 25. Bxb7 {[%clk
00:01:28]} {[%emt 00:00:40]} Rab8 {[%clk 00:10:18]} {[%emt 00:01:04]} 26. Be4
{[%clk 00:01:44]} {[%emt 00:00:13]} Rxb2+ {[%clk 00:10:24]} {[%emt 00:00:24]}
0-1

[Event "DEM U14 2025"]
[Site "Willingen GER"]
[Date "2025.06.10"]
[Round "4"]
[White "Kovalskyy, Alicia"]
[Black "Zimmer, Tim"]
[Result "0-1"]
[Termination "normal"]
[Board "16"]
[WhiteElo "1924"]
[BlackElo "1866"]
[WhiteClock "00:01:11"]
[BlackClock "00:06:01"]
[PlyCount "72"]
[WhiteFideId "34612130"]
[BlackFideId "34603115"]
[EventCountry "GER"]
[EventRounds "9"]
[EventType "swiss"]
[EventDate "2025.06.07"]

1. e4 {[%clk 01:30:59]} {[%emt 00:00:01]} e5 {[%clk 01:30:54]} {[%emt
00:00:05]} 2. Nf3 {[%clk 01:31:26]} {[%emt 00:00:04]} Nc6 {[%clk 01:31:18]}
{[%emt 00:00:05]} 3. Bc4 {[%clk 01:31:54]} {[%emt 00:00:03]} Bc5 {[%clk
01:31:41]} {[%emt 00:00:07]} 4. c3 {[%clk 01:32:21]} {[%emt 00:00:04]} Nf6
{[%clk 01:32:00]} {[%emt 00:00:09]} 5. d3 {[%clk 01:32:48]} {[%emt 00:00:04]}
a6 {[%clk 01:32:21]} {[%emt 00:00:09]} 6. O-O {[%clk 01:32:52]} {[%emt
00:00:25]} Ba7 {[%clk 01:32:18]} {[%emt 00:00:34]} 7. a4 {[%clk 01:27:53]}
{[%emt 00:05:30]} d6 {[%clk 01:31:08]} {[%emt 00:01:39]} 8. Nbd2 {[%clk
01:20:31]} {[%emt 00:07:52]} O-O {[%clk 01:28:54]} {[%emt 00:02:44]} 9. h3
{[%clk 01:20:22]} {[%emt 00:00:39]} h6 {[%clk 01:28:51]} {[%emt 00:00:31]} 10.
Re1 {[%clk 01:20:38]} {[%emt 00:00:15]} Re8 {[%clk 01:28:07]} {[%emt 00:01:15]}
11. b4 {[%clk 01:19:07]} {[%emt 00:02:01]} Be6 {[%clk 01:27:31]} {[%emt
00:01:05]} 12. Qc2 {[%clk 01:16:15]} {[%emt 00:03:23]} Qd7 {[%clk 01:18:45]}
{[%emt 00:09:16]} 13. Rb1 {[%clk 01:06:29]} {[%emt 00:10:17]} Bxh3 {[%clk
01:00:02]} {[%emt 00:19:12]} 14. gxh3 {[%clk 00:50:08]} {[%emt 00:16:51]} Qxh3
{[%clk 01:00:21]} {[%emt 00:00:10]} 15. d4 {[%clk 00:40:36]} {[%emt 00:10:03]}
exd4 {[%clk 00:57:24]} {[%emt 00:03:27]} 16. cxd4 {[%clk 00:29:21]} {[%emt
00:11:45]} Nxd4 {[%clk 00:50:05]} {[%emt 00:07:49]} 17. Nxd4 {[%clk 00:29:28]}
{[%emt 00:00:23]} Bxd4 {[%clk 00:49:26]} {[%emt 00:01:08]} 18. Qb3 {[%clk
00:15:15]} {[%emt 00:14:44]} Qh4 {[%clk 00:33:02]} {[%emt 00:16:53]} 19. Bxf7+
{[%clk 00:11:36]} {[%emt 00:04:09]} Kh8 {[%clk 00:32:41]} {[%emt 00:00:49]} 20.
Re2 {[%clk 00:06:29]} {[%emt 00:05:40]} Ng4 {[%clk 00:28:55]} {[%emt 00:04:16]}
21. Qf3 {[%clk 00:02:15]} {[%emt 00:04:43]} Rf8 {[%clk 00:27:08]} {[%emt
00:02:17]} 22. Nf1 {[%clk 00:01:12]} {[%emt 00:01:34]} Ne5 {[%clk 00:26:34]}
{[%emt 00:01:03]} 23. Qg2 {[%clk 00:01:05]} {[%emt 00:00:37]} Rxf7 {[%clk
00:25:57]} {[%emt 00:01:07]} 24. Ng3 {[%clk 00:01:31]} {[%emt 00:00:05]} g6
{[%clk 00:23:15]} {[%emt 00:03:11]} 25. Rb3 {[%clk 00:01:07]} {[%emt 00:00:55]}
Raf8 {[%clk 00:22:18]} {[%emt 00:01:26]} 26. Nh1 {[%clk 00:01:06]} {[%emt
00:00:32]} Rf3 {[%clk 00:18:15]} {[%emt 00:04:33]} 27. Be3 {[%clk 00:00:37]}
{[%emt 00:00:59]} Bxe3 {[%emt 00:03:32]} 28. Rexe3 {[%clk 00:00:48]} {[%emt
00:00:15]} Rxe3 {[%emt 00:02:00]} 29. Rxe3 {[%clk 00:01:03]} {[%emt 00:00:09]}
Qg4 {[%clk 00:13:13]} {[%emt 00:01:09]} 30. Ng3 {[%clk 00:00:46]} {[%emt
00:00:48]} Qd1+ {[%clk 00:11:29]} {[%emt 00:02:13]} 31. Nf1 {[%clk 00:01:04]}
{[%emt 00:00:13]} Rf4 {[%clk 00:10:19]} {[%emt 00:01:39]} 32. Rg3 {[%clk
00:00:45]} {[%emt 00:00:49]} Rg4 {[%clk 00:08:14]} {[%emt 00:02:35]} 33. Qh3
{[%clk 00:00:46]} {[%emt 00:00:30]} Rxg3+ {[%clk 00:07:12]} {[%emt 00:01:32]}
34. fxg3 {[%clk 00:01:09]} {[%emt 00:00:07]} Ng4 {[%clk 00:07:15]} {[%emt
00:00:27]} 35. Kg2 {[%clk 00:00:46]} {[%emt 00:00:53]} Qe2+ {[%clk 00:06:48]}
{[%emt 00:00:57]} 36. Kg1 {[%clk 00:01:11]} {[%emt 00:00:05]} h5 {[%clk
00:06:01]} {[%emt 00:01:16]} 0-1

[Event "DEM U14 2025"]
[Site "Willingen GER"]
[Date "2025.06.10"]
[Round "4"]
[White "Lee, Ho In"]
[Black "Jahn, Gustav"]
[Result "1/2-1/2"]
[Termination "normal"]
[Board "17"]
[WhiteElo "1868"]
[BlackElo "1983"]
[WhiteClock "00:00:52"]
[BlackClock "00:11:20"]
[PlyCount "126"]
[WhiteFideId "34623655"]
[BlackFideId "34666605"]
[EventCountry "GER"]
[EventRounds "9"]
[EventType "swiss"]
[EventDate "2025.06.07"]

1. e4 {[%clk 01:30:57]} {[%emt 00:00:03]} e6 {[%clk 01:30:56]} {[%emt
00:00:05]} 2. d4 {[%clk 01:31:20]} {[%emt 00:00:07]} d5 {[%clk 01:31:21]}
{[%emt 00:00:05]} 3. exd5 {[%clk 01:31:45]} {[%emt 00:00:05]} exd5 {[%clk
01:31:44]} {[%emt 00:00:07]} 4. Nf3 {[%clk 01:32:05]} {[%emt 00:00:10]} Nc6
{[%clk 01:32:06]} {[%emt 00:00:08]} 5. Bd3 {[%clk 01:32:08]} {[%emt 00:00:27]}
Bd6 {[%clk 01:32:26]} {[%emt 00:00:10]} 6. O-O {[%clk 01:32:15]} {[%emt
00:00:23]} Nge7 {[%clk 01:32:43]} {[%emt 00:00:14]} 7. c3 {[%clk 01:31:04]}
{[%emt 00:01:40]} Bf5 {[%clk 01:32:47]} {[%emt 00:00:26]} 8. Re1 {[%clk
01:25:44]} {[%emt 00:05:49]} Bxd3 {[%clk 01:32:16]} {[%emt 00:01:02]} 9. Qxd3
{[%clk 01:26:06]} {[%emt 00:00:08]} Qd7 {[%clk 01:30:47]} {[%emt 00:01:59]} 10.
a4 {[%clk 01:22:32]} {[%emt 00:04:04]} a5 {[%clk 01:28:09]} {[%emt 00:03:09]}
11. Na3 {[%clk 01:19:19]} {[%emt 00:03:42]} Na7 {[%clk 01:24:38]} {[%emt
00:04:01]} 12. Nc2 {[%clk 01:17:11]} {[%emt 00:02:38]} f6 {[%clk 01:22:59]}
{[%emt 00:02:09]} 13. Bd2 {[%clk 01:10:35]} {[%emt 00:07:05]} O-O {[%clk
01:22:46]} {[%emt 00:00:44]} 14. Ne3 {[%clk 01:06:22]} {[%emt 00:04:43]} c6
{[%clk 01:14:30]} {[%emt 00:08:46]} 15. Re2 {[%emt 00:20:11]} Rae8 {[%clk
01:11:15]} 16. Rae1 {[%clk 00:47:52]} {[%emt 00:03:03]} Nac8 {[%clk 01:10:04]}
{[%emt 00:01:43]} 17. Nh4 {[%clk 00:45:22]} {[%emt 00:02:58]} b5 {[%clk
01:08:01]} {[%emt 00:02:34]} 18. axb5 {[%clk 00:41:03]} {[%emt 00:04:50]} cxb5
{[%clk 01:08:13]} {[%emt 00:00:18]} 19. Nef5 {[%clk 00:38:36]} {[%emt
00:02:56]} Nxf5 {[%clk 01:07:24]} {[%emt 00:01:20]} 20. Nxf5 {[%clk 00:36:04]}
{[%emt 00:03:02]} Rxe2 {[%clk 01:03:53]} {[%emt 00:04:01]} 21. Rxe2 {[%clk
00:36:20]} {[%emt 00:00:14]} g6 {[%clk 00:58:39]} {[%emt 00:05:45]} 22. Nxd6
{[%clk 00:05:27]} {[%emt 00:31:23]} Nxd6 {[%clk 00:58:59]} {[%emt 00:00:10]}
23. Bf4 {[%clk 00:05:45]} {[%emt 00:00:11]} Nc4 {[%clk 00:58:28]} {[%emt
00:01:01]} 24. h3 {[%clk 00:03:10]} {[%emt 00:03:05]} a4 {[%clk 00:57:54]}
{[%emt 00:01:04]} 25. Bc1 {[%clk 00:02:56]} {[%emt 00:00:44]} Rb8 {[%clk
00:56:53]} {[%emt 00:01:31]} 26. Qf3 {[%clk 00:02:34]} {[%emt 00:00:51]} Rb6
{[%clk 00:53:36]} {[%emt 00:03:49]} 27. Qf4 {[%clk 00:01:42]} {[%emt 00:01:21]}
g5 {[%clk 00:52:00]} {[%emt 00:02:07]} 28. Qg3 {[%clk 00:01:37]} {[%emt
00:00:34]} Kf7 {[%clk 00:43:41]} {[%emt 00:08:51]} 29. Qd3 {[%clk 00:00:38]}
{[%emt 00:01:29]} Kg7 {[%clk 00:41:31]} {[%emt 00:02:40]} 30. Qg3 {[%clk
00:00:57]} {[%emt 00:00:10]} Re6 {[%clk 00:40:09]} {[%emt 00:01:53]} 31. Qg4
{[%clk 00:01:15]} {[%emt 00:00:11]} Rd6 {[%clk 00:35:56]} {[%emt 00:04:44]} 32.
Qh5 {[%clk 00:01:21]} {[%emt 00:00:22]} Qf7 {[%clk 00:34:21]} {[%emt 00:02:06]}
33. Qg4 {[%clk 00:01:29]} {[%emt 00:00:21]} h5 {[%clk 00:27:47]} {[%emt
00:07:05]} 34. Qf5 {[%clk 00:00:54]} {[%emt 00:01:04]} Qd7 {[%clk 00:27:53]}
{[%emt 00:00:25]} 35. Qf3 {[%clk 00:01:05]} {[%emt 00:00:17]} Kg6 {[%clk
00:26:57]} {[%emt 00:01:29]} 36. Qd3+ {[%clk 00:01:10]} {[%emt 00:00:25]} Qf5
{[%clk 00:26:56]} {[%emt 00:00:30]} 37. Qd1 {[%clk 00:00:33]} {[%emt 00:01:06]}
Rc6 {[%clk 00:24:59]} {[%emt 00:02:28]} 38. Re8 {[%clk 00:00:32]} {[%emt
00:00:31]} Rc8 {[%clk 00:19:58]} {[%emt 00:05:31]} 39. Rxc8 {[%clk 00:00:31]}
{[%emt 00:00:30]} Qxc8 {[%clk 00:20:18]} {[%emt 00:00:11]} 40. Qc2+ {[%clk
00:00:32]} {[%emt 00:00:29]} Qf5 {[%clk 00:19:50]} {[%emt 00:00:58]} 41. Qe2
{[%clk 00:26:47]} {[%emt 00:04:14]} Qe4 {[%clk 00:46:12]} {[%emt 00:04:08]} 42.
Kf1 {[%clk 00:20:41]} {[%emt 00:06:37]} g4 {[%clk 00:42:02]} {[%emt 00:04:40]}
43. f3 {[%clk 00:16:17]} {[%emt 00:04:54]} Qxe2+ {[%clk 00:38:29]} {[%emt
00:04:04]} 44. Kxe2 {[%clk 00:16:41]} {[%emt 00:00:05]} gxh3 {[%clk 00:38:32]}
{[%emt 00:00:28]} 45. gxh3 {[%clk 00:17:06]} {[%emt 00:00:04]} Kf5 {[%clk
00:37:27]} {[%emt 00:01:35]} 46. Kd3 {[%clk 00:11:51]} {[%emt 00:05:43]} Nd6
{[%clk 00:36:49]} {[%emt 00:01:09]} 47. Ke2 {[%clk 00:11:07]} {[%emt 00:01:13]}
h4 {[%clk 00:34:09]} {[%emt 00:03:11]} 48. Bd2 {[%clk 00:07:25]} {[%emt
00:04:12]} Nf7 {[%clk 00:33:36]} {[%emt 00:01:01]} 49. Be1 {[%clk 00:05:51]}
{[%emt 00:02:05]} Ng5 {[%clk 00:31:25]} {[%emt 00:02:41]} 50. Bxh4 {[%clk
00:04:05]} {[%emt 00:02:17]} Nxh3 {[%clk 00:31:42]} {[%emt 00:00:13]} 51. Ke3
{[%clk 00:02:36]} {[%emt 00:01:58]} Ng5 {[%clk 00:29:14]} {[%emt 00:02:59]} 52.
Bg3 {[%clk 00:01:34]} {[%emt 00:01:26]} Ne6 {[%clk 00:29:04]} {[%emt 00:00:45]}
53. Bd6 {[%clk 00:01:20]} {[%emt 00:00:44]} Nd8 {[%clk 00:28:37]} {[%emt
00:00:58]} 54. Ke2 {[%clk 00:00:32]} {[%emt 00:01:18]} Nc6 {[%clk 00:28:18]}
{[%emt 00:00:49]} 55. Bc7 {[%clk 00:00:39]} {[%emt 00:00:23]} Kg5 {[%clk
00:23:15]} {[%emt 00:05:32]} 56. Ke3 {[%clk 00:00:31]} {[%emt 00:00:39]} f5
{[%clk 00:20:07]} {[%emt 00:03:38]} 57. Bf4+ {[%clk 00:00:38]} {[%emt
00:00:23]} Kh4 {[%clk 00:19:39]} {[%emt 00:00:58]} 58. Bd6 {[%clk 00:00:40]}
{[%emt 00:00:28]} Kg5 {[%clk 00:17:39]} {[%emt 00:02:30]} 59. Bf4+ {[%clk
00:00:50]} {[%emt 00:00:20]} Kf6 {[%clk 00:17:19]} {[%emt 00:00:50]} 60. Bd6
{[%clk 00:00:36]} {[%emt 00:00:45]} Na5 {[%clk 00:15:59]} {[%emt 00:01:50]} 61.
Kf4 {[%clk 00:00:46]} {[%emt 00:00:20]} Nc4 {[%clk 00:15:15]} {[%emt 00:01:14]}
62. Ba3 {[%clk 00:01:07]} {[%emt 00:00:09]} Kg6 {[%clk 00:14:54]} {[%emt
00:00:51]} 63. Kg3 {[%clk 00:00:52]} {[%emt 00:00:44]} Nxa3 {[%clk 00:11:20]}
{[%emt 00:04:05]} 1/2-1/2

[Event "DEM U14 2025"]
[Site "Willingen GER"]
[Date "2025.06.10"]
[Round "4"]
[White "Svanidze, Alexander"]
[Black "Lanert, Theodor"]
[Result "1-0"]
[Termination "normal"]
[Board "18"]
[WhiteElo "1720"]
[BlackElo "1793"]
[WhiteClock "00:12:28"]
[BlackClock "00:10:57"]
[PlyCount "57"]
[WhiteFideId "34623469"]
[BlackFideId "34605576"]
[EventCountry "GER"]
[EventRounds "9"]
[EventType "swiss"]
[EventDate "2025.06.07"]

1. e4 {[%clk 01:30:59]} c5 {[%clk 01:30:27]} {[%emt 00:00:34]} 2. Nf3 {[%clk
01:31:20]} {[%emt 00:00:08]} e6 {[%clk 01:30:49]} {[%emt 00:00:08]} 3. Nc3
{[%clk 01:31:39]} {[%emt 00:00:11]} Nc6 {[%clk 01:29:06]} {[%emt 00:02:13]} 4.
d4 {[%clk 01:32:04]} {[%emt 00:00:06]} cxd4 {[%clk 01:29:29]} {[%emt 00:00:07]}
5. Nxd4 {[%clk 01:32:30]} {[%emt 00:00:04]} Nf6 {[%clk 01:29:49]} {[%emt
00:00:10]} 6. Nxc6 {[%clk 01:32:56]} {[%emt 00:00:04]} bxc6 {[%clk 01:30:11]}
{[%emt 00:00:08]} 7. e5 {[%clk 01:33:22]} {[%emt 00:00:04]} Nd5 {[%clk
01:30:37]} {[%emt 00:00:04]} 8. Ne4 {[%clk 01:33:48]} {[%emt 00:00:03]} Qc7
{[%clk 01:31:02]} {[%emt 00:00:05]} 9. f4 {[%clk 01:34:02]} {[%emt 00:00:16]}
Qb6 {[%clk 01:31:23]} {[%emt 00:00:09]} 10. Bd3 {[%clk 01:23:28]} {[%emt
00:11:03]} a5 {[%clk 01:09:03]} {[%emt 00:22:51]} 11. c3 {[%clk 01:10:37]}
{[%emt 00:13:22]} Be7 {[%clk 01:06:06]} {[%emt 00:03:27]} 12. h4 {[%clk
01:04:16]} {[%emt 00:06:51]} h5 {[%clk 01:04:41]} {[%emt 00:01:55]} 13. Qe2
{[%clk 01:00:56]} {[%emt 00:03:49]} Ba6 {[%clk 00:51:46]} {[%emt 00:13:25]} 14.
Bxa6 {[%clk 00:59:32]} {[%emt 00:01:54]} Rxa6 {[%clk 00:52:11]} {[%emt
00:00:06]} 15. c4 {[%clk 00:48:51]} {[%emt 00:11:11]} Bb4+ {[%clk 00:42:21]}
{[%emt 00:10:20]} 16. Kf1 {[%clk 00:42:51]} {[%emt 00:06:29]} Nc7 {[%clk
00:35:52]} {[%emt 00:06:59]} 17. a3 {[%clk 00:41:55]} {[%emt 00:01:26]} Be7
{[%clk 00:34:33]} {[%emt 00:01:49]} 18. Be3 {[%clk 00:40:02]} {[%emt 00:02:23]}
Qb8 {[%clk 00:28:47]} {[%emt 00:06:16]} 19. Rd1 {[%clk 00:35:19]} {[%emt
00:05:13]} Qd8 {[%clk 00:24:24]} {[%emt 00:04:53]} 20. Bc5 {[%clk 00:31:39]}
{[%emt 00:04:11]} Ra8 {[%clk 00:20:20]} {[%emt 00:04:34]} 21. Rh3 {[%clk
00:23:18]} {[%emt 00:08:50]} Na6 {[%clk 00:18:52]} {[%emt 00:01:59]} 22. Bxe7
{[%clk 00:22:40]} {[%emt 00:01:07]} Qxe7 {[%clk 00:18:32]} {[%emt 00:00:51]}
23. Qd2 {[%clk 00:22:23]} {[%emt 00:00:47]} Nb8 {[%clk 00:15:18]} {[%emt
00:03:44]} 24. Qd4 {[%clk 00:14:59]} {[%emt 00:07:54]} O-O {[%clk 00:14:05]}
{[%emt 00:01:43]} 25. Rg3 {[%clk 00:12:46]} {[%emt 00:02:43]} Kh8 {[%clk
00:11:56]} {[%emt 00:02:40]} 26. Rg5 {[%clk 00:12:33]} {[%emt 00:00:42]} g6
{[%clk 00:11:37]} {[%emt 00:00:49]} 27. Nf6 {[%emt 00:00:08]} Rd8 {[%clk
00:10:51]} {[%emt 00:01:15]} 28. Rxh5+ {[%clk 00:12:40]} {[%emt 00:00:47]} gxh5
{[%clk 00:10:57]} {[%emt 00:00:24]} 29. Qd3 {[%clk 00:12:28]} {[%emt 00:00:42]}
1-0